000 01288nas a2200289 454500
001 26226
005 20260407193507.0
008 260407s1988####ag###########|||spa#d
003 AR-UNSa-BCEJYS
040 _aAR-UNSa-BCEJYS
_bspa
_cAR-UNSa-BCEJYS
080 _a330
_xEconomía en general
245 1 0 _aJournal of post Keynesian economics
022 _a0160-3477
264 1 _aNew York :
_bM.E. Sharpe, Inc.
_c1988
310 _aFrecuencia: Trimestral
520 _as una revista académica de innovadores trabajos teóricos y empíricos que arroja nueva luz sobre los problemas económicos contemporáneos. Está comprometida con el principio de que el desarrollo acumulativo de la teoría económica sólo es posible cuando la teoría se somete continuamente a escrutinio en términos de su capacidad tanto para explicar el mundo real y proporcionar una guía fiable para la política pública.
942 _cSER
590 _aniveau_biblio:s niveau_hierar:1
100 1 _aSharpe, Myron E.
650 _aGestión
650 _aMicroeconomía
650 _aMoneda
650 _aEconometría
650 _aMacroeconomía
650 _aECONOMIA
856 4 1 _uhttps://biblioeco.unsa.edu.ar/pmb/images/revistas/Journal of post Keynesian economics.jpg
_yImagen de portada
_qimage/jpeg
999 _c8600
_d8600